Komunikačný mix zdravotníckeho zariadenia diplomová práca

Guardado en:
Detalles Bibliográficos
Autor principal: Baník, Jozef
Autor Corporativo: Podnikovohospodárska fakulta EU so sídlom v Košiciach. Katedra marketingu a obchodu
Otros Autores: Vančíková, Denisa
Formato: Libro
Lenguaje:eslovaco
Publicado: Košice 2008
Etiquetas: Agregar Etiqueta
Sin Etiquetas, Sea el primero en etiquetar este registro!

MARC

LEADER 00000nam$a2200000$$$4500
001 0079964
005 20240201115424.1
041 0 |a slo 
044 |a SK 
245 1 0 |a Komunikačný mix zdravotníckeho zariadenia  |b diplomová práca  |c Romana Biskupová ; škol. Eugen Rogovský 
264 1 |a Košice  |c 2008 
300 |a 63 s. 
100 1 |a Baník, Jozef 
700 1 |a Vančíková, Denisa 
710 2 |a Podnikovohospodárska fakulta EU so sídlom v Košiciach. Katedra marketingu a obchodu